Street Fighter - Tous les Personnages [avec image] - Statistiques

Statistiques générales
  • Ce quiz a été pris 101 fois
  • Le résultat moyen est 40 sur 90
Statistiques - réponses
Par images Réponse % Correct
Ken Masters
100%
Ryu
99%
Chun-Li
97%
G
93%
E.Honda
87%
Zangief
87%
Guile
86%
M.Bison
85%
Blanka
83%
Dhalsim
82%
Akuma
80%
Cammy
79%
Vega
79%
Sagat
77%
Balrog
76%
Dee Jay
61%
Lily
61%
Evil Ryu
59%
Juri
59%
T.Hawk
54%
Sakura
52%
C.Viper
51%
Luke
51%
Terry Bogard
51%
Dan Hibiki
49%
Ed
49%
Poison
49%
Yang
49%
Yun
49%
Fei Long
48%
Rashid
48%
Mai
46%
Elena
45%
Charlie Nash
44%
Manon
44%
JP
42%
Rose
42%
Alex
41%
Cody Travers
41%
Hugo Andore
41%
Ibuki
41%
Marisa
41%
Guy
39%
Rainbow Mika
39%
Abel
38%
A.K.I.
38%
Dudley
38%
F.A.N.G
38%
Gen
38%
Jamie
38%
Kimberly
38%
Gouken
37%
Karin
37%
Makoto
37%
Seth
37%
Birdie
35%
El Fuerte
35%
Urien
35%
Gill
34%
Laura
34%
Necalli
34%
Oni
34%
Sean
34%
Rufus
32%
Oro
31%
Q
31%
Abigail
30%
Shin Akuma
30%
Adon
28%
Menat
28%
Twelve
28%
Hakan
27%
Ingrid
27%
Kolin
27%
Decapre
25%
Juli
25%
Kage
25%
Falke
24%
Rolento
24%
Necro
23%
Remy
23%
Sodom
23%
Akira
21%
Eleven
21%
Violent Ken
21%
Zeku
21%
Lucia
20%
Eagle
18%
Juni
18%
Maki
17%
Aucun quiz correspondant
Distribution des résultats
% des personnes avec chaque résultat
Percentile par nombre de réponses
Votre historique - résultats
Vous n’avez pas pris ce quiz